000 01265na a2200337 4500
001 12610
003 MIRAKIL
005 20181213155309.0
008 160825b tu 000 0
020 _a9789756176083 (c.5)
020 _a9786053990017 (c.3)
035 _a12610
040 _aMilas
_btur
_cTR-AnCHP
082 _a180.9
_bA67i 2007-2010
090 _a180.9 A67i 2007-2010
100 _aArslan, Ahmet
245 _aİlkçağ felsefesi tarihi
_cAhmet Arslan
246 _aAristoteles
260 _aİstanbul
_bİstanbul Bilgi Üniversitesi Yayınları
_c2007-2010
300 _ac.
_c23 sm.
490 _aFelsefe dizisi
_v6,11
490 _aİstanbul Bilgi Üniversitesi yayınları
_v180,316
500 _aKütüphanede sadece 3. ve 5. ciltler bulunmaktadır.
504 _aKaynakça ve dizin var.
505 _ac.1. Sokrates öncesi yunan felsefesi -- c.2. Sofistlerden Platon'a -- c.3. Aristoteles -- c.4 Helenistik dönem felsefesi: Epikurosçular, stoacılar, septikler. -- c.5. Plotinos, yeni Platonculuk ve erken dönem Hıristiyan felsefesi
650 _aYunan felsefesi
650 _aYunan filozoflar
_xYaşamöyküsü
650 _aİlkçağ felsefesi
_xTarih
650 _aFilozoflar
_xYaşamöyküsü
942 _2dcc
_cBKS
999 _c10155
_d10155